000 00606nam a22001937a 4500
005 20251108175352.0
008 250721s2012 xx 000 0 ara d
082 1 4 _a303.64/مطا
100 1 _aالحمد، جواد
_eمحرر
245 1 0 _aمطالب الثورات العربية و التدخل الأجنبي /
250 _a2
264 1 _aعمان :
_bمركز دراسات الشرق الاوسط،
_c2012.
300 _a64 ص.
650 1 7 _aالثورات
650 1 7 _aالتعبير الاجتماعي
650 1 7 _aالبلدان العربية
942 _2ddc
_cBK
999 _c132498
_d132498